| 000 | 00610nam a2200217 4500 | ||
|---|---|---|---|
| 003 | OSt | ||
| 005 | 20260601193838.0 | ||
| 008 | 260507b1981 |||a|||| |||| 00| 0 eng d | ||
| 020 | _a0810909073 | ||
| 040 |
_aICI _bspa _cICI |
||
| 050 |
_aNK2715 _b.K56 |
||
| 100 | 1 | _aLarrabee Massimo Vignelli, Eric | |
| 245 | 1 | _aKnoll Design | |
| 264 |
_bHarry N. Abrahms Inc. NY _c1981 _aNueva York, Estados Unidos de América |
||
| 300 | _a307 páginas | ||
| 336 |
_atexto _2rdacontent |
||
| 337 |
_asin medio _2rdamedia |
||
| 338 |
_avolumen _2rdacarrier |
||
| 500 | _acon el CD Grabaciones de Conf | ||
| 942 |
_2ddc _cB _n1 |
||
| 999 |
_c21309 _d21309 |
||